|
|
|
|
| LEADER |
00000cam a2200000 a 4500 |
| 001 |
vtls010627791 |
| 003 |
SK-MaSNL |
| 005 |
20260301090739.0 |
| 007 |
co cg muuua |
| 008 |
240318s2014 xo | fsp 000 0 slo |
| 015 |
|
|
|a SNBS2015
|
| 020 |
|
|
|a 9788022336666
|q (elektronická kniha)
|
| 040 |
|
|
|a SNK
|b slo
|c SNK
|e AACR2
|
| 041 |
0 |
|
|a slo
|
| 044 |
|
|
|a xo
|c SK
|
| 072 |
|
7 |
|a 618
|x Gynekológia. Pôrodníctvo
|2 konspekt
|
| 080 |
|
|
|a 618.19
|2 2001
|
| 080 |
|
|
|a 618.19-073.7
|2 2001
|
| 080 |
|
|
|a 618.19-006
|2 2001
|
| 080 |
|
|
|a (07)
|2 2001
|
| 080 |
|
|
|a (0.034.44)
|2 2001
|
| 100 |
1 |
|
|a Pohlodek, Kamil,
|d 1959-
|4 aut
|9 223126
|
| 245 |
1 |
0 |
|a Základy mamológie
|h elektronický zdroj
|b učebné texty pre pregraduálne a postgraduálne vzdelávanie
|c Kamil Pohlodek
|
| 250 |
|
|
|a 1. vyd.
|
| 260 |
|
|
|a Bratislava
|b Univerzita Komenského, Lekárska fakulta
|c 2014
|
| 300 |
|
|
|a 1 elektronický optický disk (CD-ROM)
|b fareb.
|c 12 cm
|
| 500 |
|
|
|a Názov z titulnej obrazovky
|
| 516 |
|
|
|a Textový dokument (učebnica), súbory vo formáte pdf, doc
|
| 538 |
|
|
|a Technické požiadavky: PDF prehliadač, textový editor
|
| 650 |
0 |
7 |
|a mamológia
|2 SNKPH
|9 419001
|
| 650 |
0 |
7 |
|a mamografia
|2 SNKPH
|9 15782
|
| 650 |
0 |
7 |
|a choroby prsníka
|2 SNKPH
|9 2545
|
| 650 |
0 |
7 |
|a nádory prsníka
|2 SNKPH
|9 22917
|
| 650 |
0 |
7 |
|a Breast tumors
|2 SNKPHeng
|9 419002
|
| 650 |
0 |
7 |
|a Breast diseases
|2 SNKPHeng
|9 419003
|
| 650 |
0 |
7 |
|a Mammology
|2 SNKPHeng
|9 419004
|
| 650 |
0 |
7 |
|a Mammography
|2 SNKPHeng
|9 419005
|
| 655 |
|
7 |
|a učebné texty
|2 SNKPH
|9 70568
|
| 655 |
|
7 |
|a elektronické zdroje
|2 SNKPH
|9 90954
|
| 655 |
|
7 |
|a CD-ROM
|2 SNKPH
|9 70236
|
| 655 |
|
7 |
|a Educational texts
|2 SNKPHeng
|9 277375
|
| 655 |
|
7 |
|a Electronic resources
|2 SNKPHeng
|9 175546
|
| 852 |
|
|
|a Štátna vedecká knižnica v Banskej Bystrici
|
| 919 |
|
|
|a 978-80-223-3666-6
|
| 958 |
|
|
|a MI
|
| 999 |
|
|
|c 669092
|d 671022
|
| 952 |
|
|
|a SNK
|b SNK
|y PREZ
|7 0
|p 17A1132341
|o snkSCDM 6913
|i snk2014/26466
|8 0
|0 0
|1 0
|4 0
|d 2014-11-28
|l 0
|r 2026-02-23 19:21:23
|w 2026-02-23
|